Hidup baru sebuah komputer

Bibliographic Details
Main Author: Abdullah Ishak
Corporate Author: Title
Format: Book
Published: Kuala Lumpur : Pustaka Prinsip , 2006
Series:Siri kisah kitar semula
Subjects:

MARC

LEADER 00000cam a2200000 7i4500
001 0000001066
005 20151222.0
008 070704
020 |a 9830533751(set) 
020 |a 9830533824 
090 0 0 |a JF   |b MAL (84) 
100 0 |a Abdullah Ishak 
245 1 0 |a Hidup baru sebuah komputer   |c Abdullah Ishak 
260 |a Kuala Lumpur :   |b Pustaka Prinsip ,   |c 2006 
440 0 |a Siri kisah kitar semula 
500 |a Children ages 7-9 years old (orange) 
650 0 |a Junior fiction   |x Malay   |x Languages 
710 0 |a Title 
999 |a 0000958532   |b Book   |c Children Collection   |e Cawangan Batu Pahat 
999 |a 0000958533   |b Book   |c Children Collection   |e Perbadanan Perpustakaan Awam Johor 
999 |a 0000958534   |b Book   |c Children Collection   |e Cawangan Batu Pahat 
999 |a 0000958535   |b Book   |c Children Collection   |e Cawangan Segamat 
999 |a 0000958536   |b Book   |c Children Collection   |e Perbadanan Perpustakaan Awam Johor 
999 |a 000912781   |b Book   |c Children Collection   |e Cawangan Bandar Tenggara